Педагогические условия развития умений учебной автономии у студентов неязыковых специальностей при обучении иностранному языку; Уровневая подготовка специалистов: государственные и международные стандарты инженерного образования

Podrobná bibliografie
Parent link:Уровневая подготовка специалистов: государственные и международные стандарты инженерного образования.— 2012.— [С. 114-115]
Hlavní autor: Аникина Ж. С. Жанна Сергеевна
Shrnutí:Заглавие с экрана
Уточняется термин "учебная автономия", определяются педагогические условия развития умений учебной автономии при обучении иностранному языку, раскрывается их суть
Jazyk:ruština
Vydáno: 2012
Edice:Роль личностно-ориентированной образовательной среды в формировании специалиста: организация самостоятельной работы студентов, академическая и социальная активность студента
Témata:
On-line přístup:http://www.lib.tpu.ru/fulltext/c/2012/C09/047.pdf
Médium: MixedMaterials Elektronický zdroj Kapitola
KOHA link:https://koha.lib.tpu.ru/cgi-bin/koha/opac-detail.pl?biblionumber=230900

MARC

LEADER 00000nla2a2200000 4500
001 230900
005 20231031202621.0
035 |a (RuTPU)RU\TPU\book\251913 
035 |a RU\TPU\book\251906 
090 |a 230900 
100 |a 20130128d2012 k y0rusy50 ca 
101 0 |a rus 
102 |a RU 
105 |a y z 101zy 
181 0 |a i  
182 0 |a b 
200 1 |a Педагогические условия развития умений учебной автономии у студентов неязыковых специальностей при обучении иностранному языку  |b Электронный ресурс  |f Ж. С. Аникина 
203 |a Текст  |c электронный 
225 1 |a Роль личностно-ориентированной образовательной среды в формировании специалиста: организация самостоятельной работы студентов, академическая и социальная активность студента 
230 |a 1 компьютерный файл (pdf; 442 Кб) 
300 |a Заглавие с экрана 
320 |a [Библиогр.: с. 115 (3 назв.)] 
330 |a Уточняется термин "учебная автономия", определяются педагогические условия развития умений учебной автономии при обучении иностранному языку, раскрывается их суть 
337 |a Adobe Reader 
463 1 |0 (RuTPU)RU\TPU\book\240708  |t Уровневая подготовка специалистов: государственные и международные стандарты инженерного образования  |o сборник трудов научно-методической конференции, 3-6 апреля 2012 г.  |f Национальный исследовательский Томский политехнический университет (ТПУ)  |v [С. 114-115]  |d 2012 
610 1 |a труды учёных ТПУ 
610 1 |a электронный ресурс 
610 1 |a студенты 
610 1 |a развитие 
610 1 |a умения 
610 1 |a обучение 
610 1 |a неязыковые специальности 
610 1 |a учебная автономия 
700 1 |a Аникина  |b Ж. С.  |c старший преподаватель Томского политехнического университета  |g Жанна Сергеевна  |2 stltpush  |3 (RuTPU)RU\TPU\pers\30343 
801 2 |a RU  |b 63413507  |c 20130201  |g RCR 
856 4 |u http://www.lib.tpu.ru/fulltext/c/2012/C09/047.pdf 
942 |c CF